North American Capital per Letter Quiz Stats

 Plays Quiz Updated Mar 10, 2017

Challenge
Share
Tweet
Embed
Score 0/13 Timer 02:00
2 Plays Today
Letter Sample Capital % Correct
WWashington, DC
98%
MManagua
93.3%
OOttawa
89.2%
PPanama City
83.3%
HHavana
78.3%
SSan José
77.1%
KKingston
73.7%
GGuatemala City
63%
BBasseterre
56.8%
NNassau
53.9%
TTegucigalpa
47%
CCastries
34.7%
RRoseau
32.5%

You're not logged in!

Compare scores with friends on all Sporcle quizzes.
Join for Free
OR
Log In

You Might Also Like...

Show Comments

Extras

Top Quizzes Today


Score Distribution

Your Account Isn't Verified!

In order to create a playlist on Sporcle, you need to verify the email address you used during registration. Go to your Sporcle Settings to finish the process.

Report this User

Report this user for behavior that violates our Community Guidelines.

Details: